Pastoral-Messe, No. 14, 72tes Werk, für 4 Singstimmen, 2 Violinen, Flöte, 2 Clarinetten, Fagott, 2 Trompetten, Pauken, Contrabass und Orgel /

Hlavní autor: Schiedermayr, Johann Baptist, 1779-1840
Jazyk: Latina
Vydáno: Wien : Bei Tobias Haslinger, Musikverleger, im Hause der ersten oester. Sparkasse am Graben, No. 572, [1840?]
Edice: Kirchen-Musikalien
Témata:
Externí odkaz: Zobrazení hudebního incipitu
Fyzický popis: 15 hlasů (9, 7, 7, 7, 7, 9, 9, 8, 7, 6, 5, 4, 4, 6, 4 s.) ; 35 cm
Hudebniny Hudebniny
Uloženo v:
LEADER 01882ncm a2200409 a 4500
001 000891784
003 CZ BrMZK
005 20140514123011.0
007 qu
008 080403s1840 au mszeg lat d
028 2 0 |a 5057  |b Tobias Haslinger 
031 |a 01  |b 01  |c 01  |d Andante  |m S  |g C-1  |o c  |p '4.E8E4F-/4.E8E4F-/4.E8E4.xG8G/4A8.A6''C4C8CC/  |r C  |t Kyrie eleison  |2 pe 
040 |a BOA001  |b cze 
048 |a ca04  |a oz 
072 7 |a 783  |x Církevní hudba. Duchovní hudba. Náboženská hudba  |2 Konspekt  |9 9 
080 |a 783.21:78.087.684  |2 MRF 
080 |a 78.087  |2 MRF 
080 |a (0.068)78  |2 MRF 
100 1 |a Schiedermayr, Johann Baptist,  |d 1779-1840  |7 jn20010601199  |4 cmp 
240 1 0 |a Mše,  |m smíšený sbor, orchestr, varhany,  |n op. 72 
245 1 0 |a Pastoral-Messe, No. 14, 72tes Werk,  |h [hudebnina] :  |b für 4 Singstimmen, 2 Violinen, Flöte, 2 Clarinetten, Fagott, 2 Trompetten, Pauken, Contrabass und Orgel /  |c von J. B. Schiedermayr 
260 |a Wien :  |b Bei Tobias Haslinger, Musikverleger, im Hause der ersten oester. Sparkasse am Graben, No. 572,  |c [1840?] 
300 |a 15 hlasů (9, 7, 7, 7, 7, 9, 9, 8, 7, 6, 5, 4, 4, 6, 4 s.) ;  |c 35 cm 
490 1 |a Kirchen-Musikalien ;  |v 55te Lieferung 
500 |a Tisk vtlačenou plotnou, č. 5057 
650 0 7 |a mše (smíšený sbor, komorní orchestr, varhany)  |7 ph334673  |2 czenas 
655 7 |a hlasy  |7 fd186703  |2 czenas 
655 7 |a hudební staré tisky  |7 fd278470  |2 czenas 
830 0 |a Kirchen-Musikalien 
856 4 1 |u http://audioserver.mzk.cz/incipity/png/000891784_01_01_01.png  |y Zobrazení hudebního incipitu 
910 |a BOA001  |b STMus4-0533.926 
978 |a Haslinger  |b Tobias  |c Wien  |f 1840 
984 |a Vídeň  |b Rakousko 
990 |a MU 
993 |a Y 
991 |b 200803 
996 6 |b 2619284248  |c STMus4-0533.926  |l Stud. starých tisků/4.patro  |r Sklad / do násl. otevíracího dne  |n 0  |w 000891784  |u 000010  |a 1  |e BOA001  |j MZK50  |s P